000 00518nam a2200181Ia 4500
005 20250326124509.0
008 250326s9999 xx 000 0 und d
037 _aTextbook
040 _aFMSL
_beng
_cFMSL
041 _aeng
_2eng
084 _aX:8 K4
_qFMSL
100 _aPooler V H
_9737492
245 0 _aEl gerente de compras y sus funcions
_cPooler V H
260 _aMexico
_bMexico, International Management Association
_c1964
300 _a300p
942 _cTB
_hX:8 K4
999 _c1273954
_d1273954